Statistiques concernant Cette année-là: 1824

Cliquez ici pour prendre le quiz!

Statistiques générales

  • Ce quiz a été pris 13 fois
  • Le résultat moyen est 3 sur 10

Statistiques - réponses

IndiceRéponse% Correct
Janvier: L'Angleterre entre en guerre contre ce pays asiatiqueBirmanie
58%
16 septembre: Je deviens Roi. Le dernier de cette titulature.Charles X
58%
21 juin: Le parlement britannique autorise ces associations d'ouvriers (Combination acts)Syndicats
58%
19 avril: Poète philhellène, je meurs après 3 mois d'engagement auprès des insurgés grecs (image).Lord Byron
42%
7 mai: "Création" de cette oeuvre écrite par Beethoven et avec des paroles de Schiller.9ème Symphonie
25%
11 mars: Fondation de ce bureau aux Etats Unis, il accompagna la colonisation des terres indiennes.Bureau des affaires indiennes
25%
1er décembre: Création de cette école d'ingénieurs à Nancy.Ecole royale forestière
8%
25 février: Surnom de la chambre ultra élue suite à la victoire en Espagne (référence à la chambre introuvable de 1815)La chambre retrouvée
8%
26 août: création de ce ministère, précurseur du ministère de l'Education nationale*ministère des Affaires ecclésiastiques et de l’Instruction publique
8%
Explosion de ce parti aux Etats-Unis, divisé entre Démocrates (pro Jackson) et Whigs (pro Adams)Parti républicain-démocrate
8%

Distribution des résultats

Percentile par nombre de réponses

% des personnes avec chaque résultat

Votre développement - résultats

Vous n’avez pas pris ce quiz